000 01389nam a2200349 i 4500
001 12410
003 KOSZ 005
005 20200630132826.0
008 080424s1962 pl a f 001 0 pol
015 _aPB 1963/688
040 _aWA N
_cKOSZ 005/RW
_dKOSZ 005/RW
041 1 _apol
_heng
080 _a51:53+54
100 1 _aMargenau, Henry
_d(1901-1997).
_eAutor
245 1 0 _aMatematyka w fizyce i chemii /
_cH. Margenau, G. M. Murphy ; [tł. B. Borkowski, J. Musielak, A. Wiweger].
246 1 _iTyt. oryg.:
_aMathematics of physics and chemistry.
250 _aWyd. 2 popr. i uzup.
260 _aWarszawa :
_bPaństwowe Wydawnictwo Naukowe,
_c1962.
300 _a628 s. :
_bil., err. ;
_c25 cm.
380 _aKsiążki.
500 _aTyt. oryg.: The mathematics of physics and chemistry.
504 _aBibliogr. przy rozdz. Indeks.
650 4 _aMatematyka
_xstosowanie
_xchemia.
650 4 _aFizyka matematyczna
700 1 _aMurphy, George Moseley
_d(1905-1968).
_eAutor
700 1 _aBorkowski, Bogusław
_d(1920-1979).
_eTłumaczenie
700 1 _aMusielak, Julian
_d(1928- ).
_eTłumaczenie
700 1 _aWiweger, Antoni
_eTłumaczenie
710 2 _aPaństwowe Wydawnictwo Naukowe
_4pbl.
856 _uhttp://koha.tu.koszalin.pl/cgi-bin/koha/opac-detail.pl?biblionumber=12410
_yKatalog online BPK
942 _2UKD
_cKS
999 _c12410
_d12410